MARC

LEADER 00000nam0a2200000 4500
001 99182
005 20231031111601.0
010 |a 5279000582 
020 |a RU  |b 88-39719 
035 |a (RuTPU)RU\TPU\book\106405 
090 |a 99182 
100 |a 20060629d1988 km y0rusy5003 ca 
101 1 |a rus  |c fre 
102 |a RU 
105 |a a z 001zy 
200 1 |a Иерархический кластер-анализ и соответствия  |f М. Жамбю  |g Перевод с фр. Б. Г. Миркина; Предисл. С. А. Айвазяна, Б. Г. Миркина 
210 |a Москва  |c Финансы и статистика  |d 1988 
215 |a 342 с.  |c ил. 
225 1 |a Математико-статистические методы за рубежом 
320 |a Библиогр. в конце глав. 
610 1 |a статистический анализ многомерный 
610 1 |a кластер-анализ 
610 1 |a кластерный анализ 
610 1 |a соответствия 
610 1 |a иерархические классификации 
610 1 |a программное обеспечение 
675 |a 519.237  |z rus 
700 1 |a Жамбю  |b М.  |4 070 
702 1 |a Миркин  |b Б. Г.  |4 730 
702 1 |a Айвазян  |b С. А.  |4 080 
801 0 |a RU  |b RuMRKP  |c 19950417  |g psbo 
801 1 |a RU  |b 63413507  |c 20060629  |g PSBO 
801 2 |a RU  |b 63413507  |c 20070227  |g PSBO 
942 |c BK